Soft computing and intelligent systems design : (Record no. 2245)
[ view plain ]
| 000 -LEADER | |
|---|---|
| fixed length control field | 01236nac a22002291u 4500 |
| 008 - FIXED-LENGTH DATA ELEMENTS--GENERAL INFORMATION | |
| fixed length control field | 120321t xxu||||| |||| 00| 0 eng d |
| 010 ## - LIBRARY OF CONGRESS CONTROL NUMBER | |
| LC control number | 2003063628 |
| 020 ## - INTERNATIONAL STANDARD BOOK NUMBER | |
| International Standard Book Number | 0321116178 (pbk.) |
| 082 00 - DEWEY DECIMAL CLASSIFICATION NUMBER | |
| Classification number | 006.3 |
| Item number | KAR |
| Edition number | 22 |
| 100 ## - MAIN ENTRY--PERSONAL NAME | |
| Personal name | Karray, Fakhreddine O. |
| 9 (RLIN) | 29425 |
| 245 10 - TITLE STATEMENT | |
| Title | Soft computing and intelligent systems design : |
| Remainder of title | theory, tools, and applications/ |
| Statement of responsibility, etc | Fakhreddine O. Karray and Clarence de Silva. |
| 260 ## - PUBLICATION, DISTRIBUTION, ETC. (IMPRINT) | |
| Place of publication, distribution, etc | Harlow, England ; |
| -- | New York : |
| Name of publisher, distributor, etc | Pearson/Addison Wesley,2004 |
| Date of publication, distribution, etc | 2004. |
| 300 ## - PHYSICAL DESCRIPTION | |
| Extent | xxiv, 560 p. : |
| Other physical details | ill. ; |
| Dimensions | 24 cm. |
| 504 ## - BIBLIOGRAPHY, ETC. NOTE | |
| Bibliography, etc | Includes bibliographical references and index. |
| 650 #0 - SUBJECT ADDED ENTRY--TOPICAL TERM | |
| Topical term or geographic name as entry element | Soft computing. |
| 9 (RLIN) | 29426 |
| 650 #0 - SUBJECT ADDED ENTRY--TOPICAL TERM | |
| Topical term or geographic name as entry element | Expert systems (Computer science) |
| 9 (RLIN) | 29427 |
| 700 1# - ADDED ENTRY--PERSONAL NAME | |
| Personal name | De Silva, Clarence W. |
| 9 (RLIN) | 29428 |
| 942 ## - ADDED ENTRY ELEMENTS (KOHA) | |
| Item type | Book - Borrowing |
| Call number prefix | 006.3K1487 |
| Source of classification or shelving scheme | Dewey Decimal Classification |
| Withdrawn status | Item status | Damaged status | Not for loan | Home library | Current library | Shelving location | Date acquired | Source of acquisition | Total Checkouts | Full call number | Barcode | Date last seen | Date last borrowed | Cost, replacement price | Koha item type | Source of classification or shelving scheme | Vendor |
|---|---|---|---|---|---|---|---|---|---|---|---|---|---|---|---|---|---|
| Central Library | Central Library | Lower Floor | 07/02/2014 | Purchase | 3 | 006.3 KAR | 000002196 | 15/07/2025 | 24/01/2011 | 475.00 | Book - Borrowing | ||||||
| Central Library | Central Library | Lower Floor | 20/03/2012 | 006.3 KAR | 000026500 | 15/07/2025 | Book - Borrowing | Dewey Decimal Classification | Baccah | ||||||||
| Central Library | Central Library | Lower Floor | 21/03/2012 | 006.3 KAR | 000026501 | 15/07/2025 | Book - Borrowing | Dewey Decimal Classification | Baccah |